• 首页
  • 本馆介绍
  • 公告通知
  • 最新文献
  • 馆藏检索
  • 电子资源
  • 读者导购
  • 参考咨询
  • 我的图书馆
  • 登录
  • 详细信息显示
  • 放入我的书架
  • 预约/预借图书
  • 作者相关作品
  • 分类相关作品
  • 丛书相关作品
  • 出版社相关作品

书目信息

  • 表格格式
  • 工作单格式
  • 卡片格式
题名:
女人30 40 50 美味养生膳
    
 
作者: 陈皓雯 编著
分册:  
出版信息: 昆明   云南人民出版社  2006
页数: 161页
开本: 20×21cm
丛书名:
单 册:
中图分类: TS972.164
科图分类:
主题词: 女性 , 保健 , 女性--保健--食谱 , 食谱
电子资源:
ISBN: 7-222-04589-9
000 00892nam0 2200253 450
001 010010014004
005 20061029144237.28
010    @a7-222-04589-9@dCNY39.80
100    @a20060214d2006 em y0chiy0110 ea
101 0  @achi
102    @aCN@b530000
105    @aa z 000yy
200 1  @a女人30 40 50 美味养生膳@9nu^ ren 30 40 50 mei wei yang sheng shan@f陈皓雯编著
210    @a昆明@c云南人民出版社@d2006
215    @a161页@c图@d20×21cm
330    @a本书以30~50岁年龄段的女性读者为对象,针对这个年龄段的女性容易遇到的生理现象,以滋阴补肾为主,调配出45道养生餐,包括含了迎接新生命调养餐食;虚弱体质滋阴补品;调气养生滋补餐;美颜瘦身、乌黑秀发养生餐四大类。
606 0  @a女性
606 0  @a保健
606 0  @a女性@x保健@x食谱
606 0  @a食谱
690    @aTS972.164@v4
701  0 @a陈皓雯@9chen hao wen@4编著
801  0 @aCN@bRENTIAN@c20061029
905    @a10447@dTS972.164@e146
    
    女人30 40 50 美味养生膳/陈皓雯编著.-昆明:云南人民出版社,2006
    161页:图;20×21cm
    
    
    ISBN 7-222-04589-9:CNY39.80
    本书以30~50岁年龄段的女性读者为对象,针对这个年龄段的女性容易遇到的生理现象,以滋阴补肾为主,调配出45道养生餐,包括含了迎接新生命调养餐食;虚弱体质滋阴补品;调气养生滋补餐;美颜瘦身、乌黑秀发养生餐四大类。
●
相关链接 在E读中查询图书 在五车中查询图书 在当当中查询图书 在豆瓣中查询图书


正题名:女人30 40 50 美味养生膳     索取号:TS972.164/146         预约/预借

序号 登录号 条形码 馆藏地/架位号 状态 备注
1 0388685   203886857   第二样本阅览室/ [索取号:TS972.164/146] 在馆    
2 0388686   203886866   第三借阅区/ [索取号:TS972.164/146] 在馆    
3 0388687   203886875   第三借阅区/ [索取号:TS972.164/146] 在馆    
4 0388688   203886884   第三借阅区/ [索取号:TS972.164/146] 在馆    
5 0388689   203886893   第三借阅区/ [索取号:TS972.164/146] 在馆    
唐山师范学院图书馆 欢迎您!
大连网信软件有限公司© 版权所有